Hospodářské dějiny a ekonomie
Oblasti, v ktorých historické skúmanie a historické fakty výrazne ovplyvnili ekonomické myslenie a poznanie v ekonómii. Ekonómia, aplikovaná ekonómia a hospodárske dejiny.
Salvato in:
| Autore principale: | |
|---|---|
| Natura: | Capitolo di libro |
| Lingua: | ceco |
| Soggetti: | |
| Tags: |
Nessun Tag, puoi essere il primo ad aggiungerne!!
|
MARC
| LEADER | 00000naa$a2200000$$$4500 | ||
|---|---|---|---|
| 001 | 0038187 | ||
| 005 | 20231114082039.2 | ||
| 041 | 0 | |a cze | |
| 044 | |a CZ | ||
| 245 | 1 | 0 | |a Hospodářské dějiny a ekonomie |c Jiří Schwarz |
| 520 | |a Oblasti, v ktorých historické skúmanie a historické fakty výrazne ovplyvnili ekonomické myslenie a poznanie v ekonómii. Ekonómia, aplikovaná ekonómia a hospodárske dejiny. | ||
| 610 | 2 | 0 | |a dejiny hospodárske |
| 610 | 2 | 0 | |a ekonómia |
| 610 | 2 | 0 | |a skupiny záujmové |
| 610 | 2 | 0 | |a disciplína hospodárska |
| 610 | 2 | 0 | |a veda ekonomická |
| 610 | 2 | 0 | |a veda systémová |
| 100 | 1 | |a Schwarz, Jiří | |